[Event "POL-chT 2nd League"]
[Site "Jastrzebia Gora"]
[Date "2024.08.31"]
[Round "1.30"]
[White "Repetilo, Daria"]
[Black "Nowak, Roksana"]
[Result "1/2-1/2"]
[WhiteElo "1627"]
[BlackElo "1816"]
[PlyCount "56"]
[EventDate "2024.08.31"]
[EventType "team-swiss"]
[EventRounds "9"]
[EventCountry "POL"]
[SourceTitle "EXT 2025"]
[Source "ChessBase"]
[SourceDate "2024.10.14"]
[SourceVersion "1"]
[SourceVersionDate "2024.10.14"]
[SourceQuality "1"]
[WhiteTeam "Legnica Miedz"]
[BlackTeam "Ostrow Wielkopolski"]
[WhiteTeamCountry "POL"]
[BlackTeamCountry "POL"]

1. c4 Nf6 2. d4 e6 3. Nc3 Bb4 4. Bd2 0-0 5. Nf3 d5 6. cxd5 exd5 7. Bg5 Qd6 8. e3 Re8 9. Be2 c6 10. 0-0 Bxc3 11. bxc3 Ne4 12. Qc2 Qg6 13. Bf4 Nd7 14. Rfc1 Nf8 15. Bd3 Qh5 16. Nd2 Nxd2 17. Qxd2 Ne6 18. Bg3 Ng5 19. Qc2 Ne4 20. Rab1 b5 21. Ra1 Bf5 22. a4 a6 23. axb5 axb5 24. Bxe4 Bxe4 25. Qd1 Qxd1+ 26. Rxd1 Bc2 27. Rdc1 Bd3 28. Bd6 h6 1/2-1/2

[Event "Wroclaw Anderssen Memorial op-C"]
[Site "Wroclaw"]
[Date "2023.??.??"]
[Round "6"]
[White "Repetilo, Daria"]
[Black "Korzeniowski, Wojciech"]
[Result "0-1"]
[WhiteElo "1182"]
[BlackElo "1119"]
[PlyCount "100"]
[EventDate "2023.08.06"]
[EventType "swiss"]
[EventRounds "9"]
[EventCountry "POL"]
[SourceTitle "EXT 2024"]
[Source "ChessBase"]
[SourceDate "2023.10.10"]
[SourceVersion "1"]
[SourceVersionDate "2023.10.10"]
[SourceQuality "1"]

1. c4 e5 2. Nc3 Nf6 3. g3 c6 4. Bg2 d5 5. cxd5 cxd5 6. d3 Bb4 7. a3 Bxc3+ 8. bxc3 Be6 9. Nf3 Nc6 10. 0-0 0-0 11. Bb2 e4 12. Nd2 Bf5 13. d4 Na5 14. Rc1 b5 15. h3 Nc4 16. Nxc4 bxc4 17. a4 Rb8 18. Ba3 Re8 19. Bc5 Qc7 20. Kh2 Nd7 21. Bb4 a5 22. Ba3 Rb3 23. Ra1 Rxc3 24. Qd2 Rb3 25. Qc2 Reb8 26. Bc1 Bg6 27. Bf4 Qc6 28. Bxb8 Nxb8 29. e3 Na6 30. Rfc1 Qe8 31. Rcb1 Nb4 32. Qc1 Rxb1 33. Qxb1 c3 34. Bf1 c2 35. Qc1 Qc8 36. Ra3 Nd3 37. Bxd3 exd3 38. Rb3 h6 39. Rb2 Qc3 40. Rb8+ Kh7 41. Rb2 d2 42. Qa1 Qxb2 43. Qxb2 c1Q 44. Qxc1 dxc1Q 45. e4 Bxe4 46. g4 Qc2 47. Kg3 Qxa4 48. g5 Qb3+ 49. Kf4 hxg5+ 50. Ke5 Qb8# 0-1